| 000 | 00601nam a2200205Ia 4500 | ||
|---|---|---|---|
| 005 | 20221110085934.0 | ||
| 008 | 131103s9999 xx 000 0 und d | ||
| 020 | _cRs.20 | ||
| 040 | _aLoreto College | ||
| 041 | _aEnglish | ||
| 082 |
_a954.02 _bSRI |
||
| 100 | _aSrivastava,A.L. | ||
| 245 |
_aAkbar the great Vol 3 _b society and culture in 16th century India _cA.L.Srivastava |
||
| 260 |
_aAgra _bShiva Lal Agarwala & Company _c1972 |
||
| 300 | _axvi,375 p. | ||
| 504 | _aIncludes bibliographical references and index | ||
| 650 | _aHistory - Medieval India | ||
| 850 | _aLCLIB | ||
| 942 | _cBK | ||
| 999 |
_c9544 _d60023 |
||